Kapitalizmus proti kapitalizmu
Gespeichert in:
| 1. Verfasser: | |
|---|---|
| Weitere Verfasser: | |
| Format: | Buch |
| Sprache: | Slowakisch |
| Veröffentlicht: |
Bratislava
Elita
1994
|
| Schlagworte: | |
| Tags: |
Keine Tags, Fügen Sie das erste Tag hinzu!
|
MARC
| LEADER | 00000nam a2200000 4500 | ||
|---|---|---|---|
| 001 | c006061 | ||
| 005 | 20221214074433.7 | ||
| 020 | |a 80-85323-67-2 | ||
| 041 | 0 | |a slo | |
| 044 | |a SK | ||
| 245 | 1 | 0 | |a Kapitalizmus proti kapitalizmu |c Michel Albert ; [preklad: Mária Institorisová] |
| 264 | 1 | |a Bratislava |b Elita |c 1994 | |
| 300 | |a 213 s. | ||
| 610 | 2 | 0 | |a kapitalizmus |
| 610 | 2 | 0 | |a politika hospodárska |
| 610 | 2 | 0 | |a systémy ekonomické |
| 610 | 2 | 0 | |a USA |
| 610 | 2 | 0 | |a Nemecko |
| 100 | 1 | |a Albert, Michel | |
| 700 | 1 | |a Institorisová, Mária | |